| 000 | 00529nam a22001697a 4500 | ||
|---|---|---|---|
| 999 |
_c60551 _d60551 |
||
| 005 | 20230822121535.0 | ||
| 008 | 230822s1958 ro ||||| |||| 00| 0 rum d | ||
| 041 | _afre | ||
| 080 | _a902.2 F-69 | ||
| 100 |
_aFlorescu, G. _919692 |
||
| 245 |
_aCapidava : _bMonografie Arheologicǎ. Volume 1 / _cGr. Florescu, R. Florescu și P. Diaconu. |
||
| 264 |
_aBucuresti, _c1958. |
||
| 300 |
_a265 p.: _bill.; _c30 cm. |
||
| 546 | _aSummary in Russian and French languages. | ||
| 653 | _aარქეოლოგია | ||
| 942 |
_2udc _cBK |
||